Indemnización y resolución por incumplimiento
-д хадгалсан:
| Үндсэн зохиолч: | |
|---|---|
| Формат: | Ном |
| Хэл сонгох: | испани |
| Хэвлэсэн: |
Santiago
Thomson Reuters
2015
|
| Хэвлэл: | 1a. ed |
| Цуврал: | La ley
|
| Нөхцлүүд: | |
| Шошгууд: |
Шошго нэмэх
Шошго байхгүй, Энэхүү баримтыг шошголох эхний хүн болох!
|
MARC
| LEADER | 00000cam a2200000 a 4500 | ||
|---|---|---|---|
| 001 | UCE8760 | ||
| 003 | CL-VaPUC | ||
| 008 | 150827e20150000cl |||||||||||||||||spa|d | ||
| 020 | |a 9789563466942 | ||
| 082 | 0 | 4 | |a 346.83022 |b CON |2 21 |
| 100 | 0 | |a Contardo González, Juan Ignacio |e author |9 337 | |
| 245 | 1 | 0 | |a Indemnización y resolución por incumplimiento |
| 250 | |a 1a. ed | ||
| 300 | |a 480 p | ||
| 942 | |c BK | ||
| 945 | |d 20150827 16:13:00 |a gsalatino | ||
| 260 | |a Santiago |b Thomson Reuters |c 2015 | ||
| 650 | 7 | |a INDEMNIZACION DE PERJUICIOS |2 CL-VaPUC |9 357521 | |
| 650 | 0 | |a Indemnización |9 371892 | |
| 650 | 0 | |a Obligaciones |9 255578 | |
| 650 | 0 | |a Contratos |9 255153 | |
| 583 | |a last modification |c 20190906 10:05:29 |k Rodrigo Vera | ||
| 490 | 0 | |a La ley | |
| 999 | |c 360534 |d 360532 | ||
| 952 | |0 0 |1 0 |3 erb |4 0 |6 346_830220000000000_CON_2015 |7 0 |8 A |9 470385 |a BIBDER |b BIBDER |i 5195721 |l 3 |o 346.83022 CON 2015 |p 5195721 |r 2024-09-03 |s 2024-08-26 |w 2019-11-23 |y BK |z Catalogado en:20150827 |k DER | ||